Nereľativistskaja kvantovaja teorija rassejanija

Salvato in:
Dettagli Bibliografici
Autori principali: Lendel, Vladimir Ivanovič (Autore), Salak, Michail (Autore)
Natura: Libro
Lingua:russo
Pubblicazione: Ľvov : Višča škola, 1983
Tags: Aggiungi Tag
Nessun Tag, puoi essere il primo ad aggiungerne!!

MARC

LEADER 00000nam a22000003a 4500
001 stu125031
005 20150617225856.1
008 060825s1983----xxr-----------------rus-d
040 |a STU  |b slo 
041 0 |a rus 
044 |a xxr 
080 |a 539.186 
100 1 |a Lendel, Vladimir Ivanovič  |4 aut 
245 1 |a Nereľativistskaja kvantovaja teorija rassejanija 
260 |a Ľvov :  |b Višča škola,  |c 1983 
300 |a 134 s 
700 1 |a Salak, Michail  |4 aut 
996 |b E56046  |c E*56046  |l EE10  |s P  |a 0  |w stu125031_0001